Dohovor o uznaní a vykonateľnosti cudzích rozhodcovských rozhodnutí

Rozhodcovské konanie v medzinárodnom obchode je alternatívnym spôsobom riešenia sporov, v ktorých nerozhodujú súdy, ale rozhodcovia, resp. rozhodcovský tribunál. Dohovor o uznaní a vykonateľnosti cudzích rozhodcovských rozhodnutí je najvýznamnejšou právnou úpravou, zabezpečujúcou výkon rozhodcovský...

Ausführliche Beschreibung

Gespeichert in:
Bibliographische Detailangaben
1. Verfasser: Martyniv, Halina
Format: Buchkapitel
Sprache:Slowakisch
Schlagworte:
Tags: Tag hinzufügen
Keine Tags, Fügen Sie das erste Tag hinzu!

MARC

LEADER 00000nla$a2200000$$$4500
001 0082512
005 20240502071927.7
041 0 |a slo 
044 |a SK 
245 1 0 |a Dohovor o uznaní a vykonateľnosti cudzích rozhodcovských rozhodnutí  |c Halina Martyniv 
520 |a Rozhodcovské konanie v medzinárodnom obchode je alternatívnym spôsobom riešenia sporov, v ktorých nerozhodujú súdy, ale rozhodcovia, resp. rozhodcovský tribunál. Dohovor o uznaní a vykonateľnosti cudzích rozhodcovských rozhodnutí je najvýznamnejšou právnou úpravou, zabezpečujúcou výkon rozhodcovských rozhodnutí, vydaných v medzinárodnom rozhodcovskom konaní. Newyorský dohovor. 
610 2 0 |a konanie rozhodcovské 
610 2 0 |a obchod medzinárodný 
610 2 0 |a arbitráž obchodná medzinárodná 
100 1 |a Martyniv, Halina